Most Assists in a Single NBA Game in Every NBA Season - Statistics

General Stats
  • This quiz has been taken 39 times
    16 since last reset
  • The average score is 36 of 88
Answer Stats
Assists Season Answer % Correct
20 1997 - 1998 Avery Johnson
100%
Chris Paul
100%
18 2002 - 2003 Jason Kidd
93%
25 1995 - 1996 Jason Kidd
93%
23 1991 - 1992 John Stockton
93%
27 1988 - 1989 John Stockton
93%
26 1987 - 1988 John Stockton
93%
25 2017 - 2018 Rajon Rondo
87%
20 2015 - 2016 Rajon Rondo
87%
Rajon Rondo
87%
20 2012 - 2013 Rajon Rondo
87%
20 2011 - 2012 Rajon Rondo
87%
24 2010 - 2011 Rajon Rondo
87%
Steve Nash
87%
Steve Nash
87%
22 2005 - 2006 Steve Nash
87%
19 2003 - 2004 Steve Nash
87%
19 2019 - 2020 Luka Dončić
80%
25 1984 - 1985 Isiah Thomas
73%
LeBron James
73%
22 1969 - 1970 Art Williams
67%
22 1968 - 1969 Art Williams
67%
21 1960 - 1961 Bob Cousy
67%
28 1958 - 1959 Bob Cousy
67%
19 1956 - 1957 Bob Cousy
67%
15 1953 - 1954 Bob Cousy
67%
18 1952 - 1953 Bob Cousy
67%
Deron Williams
67%
21 2006 - 2007 Deron Williams
67%
Gary Payton
67%
21 2022 - 2023 James Harden
67%
24 2020 - 2021 Russell Westbrook
67%
24 2018 - 2019 Russell Westbrook
67%
22 2016 - 2017 Russell Westbrook
67%
23 2023 -2024 Tyrese Haliburton
67%
30 1990 -1991 Scott Skiles
60%
22 1965 - 1966 Oscar Robertson
53%
20 1964 - 1965 Oscar Robertson
53%
21 1963 - 1964 Oscar Robertson
53%
22 1961 - 1962 Oscar Robertson
53%
22 1994 - 1995 Tim Hardaway
47%
21 1967 - 1968 Wilt Chamberlain
47%
23 1992 - 1993 Mookie Blaylock
40%
Rod Strickland
33%
24 1979 - 1980 Kevin Porter
27%
25 1978 - 1979 Kevin Porter
27%
29 1977 - 1978 Kevin Porter
27%
20 1976 - 1977 Kevin Porter
27%
Kevin Porter
27%
29 1974 - 1975 Kevin Porter
27%
21 1972 - 1973 Nate Archibald
27%
21 1985 - 1986 Doc Rivers
20%
24 1966 - 1967 Guy Rodgers
20%
28 1962 - 1963 Guy Rodgers
20%
21 2014 - 2015 Brandon Jennings
13%
18 2013 - 2014 Brandon Jennings
13%
23 2001 - 2002 Jamaal Tinsley
13%
20 1999 - 2000 Jamaal Tinsley
13%
24 2007 - 2008 Ramon Session
13%
19 1955 - 1956 Andy Phillip
7%
17 1950 - 1951 Andy Phillip
7%
22 2008 - 2009 Chris Duhon
7%
18 1957 - 1958 Dick McGuire
7%
17 1951 - 1952 Dick McGuire
7%
16 1949 - 1950 Dick McGuire
7%
9 1947 - 1948 Ernie Calverley
7%
8 1946 - 1947 Ernie Calverley
7%
22 2000 - 2001 George McCloud
7%
25 1986 - 1987 Nate McMillan
7%
23 1996 - 1997 Nick Van Exel
7%
20 1998 - 1999 Stephon Marbury
7%
20 2009 - 2010 Will Bynum
7%
22 1982 - 1983 Allen Leavell
0%
20 1971 - 1972 Bobby Washington
0%
20 1954 - 1955 Bob Davies
0%
20 2004 - 2005 Brevin Knight
0%
Brevin Knight
0%
19 2021 - 2022 Darius Garland
0%
Darren Collison
0%
17 1975 - 1976 Dean Meminger
0%
25 1973 - 1974 Ernie DiGregorio
0%
27 1981 - 1982 Geoff Huston
0%
14 1948 - 1949 Jim Seminoff
0%
24 1983 - 1984 John Lucas
0%
22 1980 - 1981 John Lucas
0%
25 1993 - 1994 Kevin Jonson
0%
21 1970 - 1971 Larry Siegfried
0%
19 1959 - 1960 Richie Guerin
0%
No matching quizzes found
Score Distribution
Percent of People with Each Score
Percentile by Number Answered
Your Score History
You have not taken this quiz since the last reset